The Book of Days A resource book of activities for special days in the year

Gespeichert in:
Bibliographische Detailangaben
1. Verfasser: Wallwork, Adrian
Format: Kassette Buch
Sprache:Englisch
Veröffentlicht: Cambridge Cambridge University Press 1999
Ausgabe:1. ed.
Schlagworte:
Online-Zugang:Im OPAC anzeigen
Tags: Tag hinzufügen
Keine Tags, Fügen Sie das erste Tag hinzu!

MARC

LEADER 00000nam a2200000 a 4500
005 20260127134153.0
007 ss
008 050419 1999 enk 000 0 eng d
020 |a 0521626110 
035 |a vtls001560609 
039 9 |y 200504191111  |z mschk03 
040 |a STUSCHK1  |b slo  |c STUSCHK1  |e AACR2 
080 |a 802.0 
100 1 |a Wallwork, Adrian 
245 1 |a The Book of Days  |b A resource book of activities for special days in the year 
250 |a 1. ed. 
260 |a Cambridge  |b Cambridge University Press  |c 1999 
650 0 |a angličtina 
910 |a SCHK95 
919 |a 0-521-62611-0 
999 |c 5726  |d 5726